Random Words #1 - Statistics

General Stats
  • This quiz has been taken 9 times
  • The average score is 9 of 20
Answer Stats
Hint Answer % Correct
2 weeks. (I) Fortnight
88%
A type of finger, a type of card, and a section in the back of a book. (I) Index
88%
What sharks have rather than bones. (II) Cartilage
75%
A piece of land surrounded by water on MOST sides. (II) Peninsula
75%
A blade on the end of a rifle. (II) Bayonet
63%
A solemn promise. (I) Vow
63%
A 3-dimensional geometric shape with 12 flat faces. (IV) Dodecahedron
50%
The bone connecting the Scapula to the Radius and Ulna. (IV) Humerus
50%
Longing and/or affectionate sentimentality for the past. (II) Nostalgia
50%
To attempt to change the opinion of an audience to one's own side. (II) Persuade
50%
Atomic number 107. (V) Bohrium
38%
A class of kingdom Animalia defined mostly by mammary glands and warm blood. (III) Mammalia
38%
A violent storm and/or outburst. (III) Tempest
38%
What chefs wear on their head. (IV) Toque
38%
The composition of a course of study. (III) Curriculum
25%
Playful, quaint, and amusing behavior or humor. (I) Whimsy
25%
A genotype having one dominant and one recessive allele. (IV) Heterozygous
13%
Containing Nitrogen. (I) Nitrogenous
13%
A person who is 110 or more years of age. (III) Supercentenarian
13%
The fear of pregnancy and/or childbirth. (V) Tokophobia
13%
No matching quizzes found
Score Distribution
Percent of People with Each Score
Percentile by Number Answered
Your Score History
You have not taken this quiz